000 00691nam a2200265Ia 4500
003 OSt
005 20221007110530.0
006 a|||||r|||| 00| 0
007 ta
008 221006b |||||||| |||| 00| 0 eng d
020 _a0043000703
024 _a21,304
037 _cTextual
040 _aLCO
_cLCO
_beng
041 _2eng
_aeng
082 _aY:f, L7
100 _aBell Colin Ed.
245 0 _aDoing Sociological Research
260 _aLondon
_bGeorge Allen & Unwin U.K.
_c1977
300 _a186
650 _aSOCIOLOGICAL RESEARCH
700 _a Newby Howard Ed.
942 _hY:f, L7
_cTEXL
999 _c1190867
_d1190867